000 00857nam a22001937a 4500
008 110614t xxu||||| |||| 00| 0 eng d
020 _a0406989354
040 _aLDC
082 _222
_a346.066
245 _aButterworths corporate law service : Corporate administration : corporate finance /
_cBrenda Hannigan ... [et al.] ; tax consultant Sarah Gillings.
246 _aCorporate administration, corporate finance
260 _aLondon :
_bButterworths,
_c2000-
300 _av. (loose-leaf) ;
_c26cm.
650 _aCorporation law
_vHandbooks, manuals, etc.
_z Great Britain
_95539
650 _aa Corporations |z Great Britain
_vHandbooks, manuals, et
_xFinance: Law and legislation
_95540
700 _aHannigan, Brenda.
_91630
942 _2ddc
_cBK
999 _c2926
_d2926